Nocturnes /

Bibliographic Details
Main Author: Debussy, Claude, 1862-1918
Format: Musical Score Book
Language:No linguistic content
Published: Paris : Jobert, 1964
Edition:Nouv. éd. après corrections.
Subjects:

MARC

Tag First Indicator Second Indicator Subfields
LEADER 00000ccm a2200000Ma 4500
001 in00002432012
005 20151109182444.0
008 910617t19641930fr sua i n zxx d
028 2 0 |a J.J. 419  |b Jobert 
028 2 0 |a J.J. 420  |b Jobert 
028 2 0 |a J.J. 421  |b Jobert 
035 |a (OCoLC)ocm25341795 
035 |a (OCoLC)25341795 
040 |a PUL  |c PUL  |d OCL  |d OCLCQ  |d OCLCG  |d TXA  |d UtOrBLW 
045 2 |a w9w9 
048 |a oa  |a cb04 
049 |a TXAM 
090 |a M1003.D28  |b N6 1964 
100 1 |a Debussy, Claude,  |d 1862-1918. 
240 1 0 |a Nocturnes,  |m orchestra 
245 1 0 |a Nocturnes /  |c Claude Debussy. 
250 |a Nouv. éd. après corrections. 
254 |a Partition d'orchestre. 
264 1 |a Paris :  |b Jobert,  |c 1964 
264 4 |c ©1930 
300 |a 1 score (111 pages) ;  |c 24 cm. 
336 |a notated music  |b ntm  |2 rdacontent 
337 |a unmediated  |b n  |2 rdamedia 
338 |a volume  |b nc  |2 rdacarrier 
500 |a Sirènes for orchestra and wordless choir of women's voices. 
500 |a "Edition définitive réorchestrée par l'Auteur"--1st page of music. 
500 |a Duration: 25 min. 
505 0 |a Nuages -- Fêtes -- Sirènes. 
500 |a Pl. number: J.J. 419-421. 
650 0 |a Suites (Orchestra)  |v Scores. 
948 |a cataloged  |b h  |c 2008/11/13  |d c  |e cajsmith  |f 10:50:09 am 
994 |a C0  |b TXA 
999 |a MARS 
999 f f |s 4a75144e-e6d6-3739-86dd-c83a3affca32  |i e111d53d-6f7a-31ef-87bd-88c516a18e3d  |t 0 
952 f f |p normal  |a Texas A&M University  |b College Station  |c Sterling C. Evans Library  |d Evans: Library Stacks  |t 0  |e M1003.D28 N6 1964  |h Library of Congress classification  |i unmediated -- volume  |m A14837534419 
998 f f |a M1003.D28 N6 1964  |t 0  |l Evans: Library Stacks